<?xml version="1.0" encoding="UTF-8"?>
<record
    xmlns:xsi="http://www.w3.org/2001/XMLSchema-instance"
    xsi:schemaLocation="http://www.loc.gov/MARC21/slim http://www.loc.gov/standards/marcxml/schema/MARC21slim.xsd"
    xmlns="http://www.loc.gov/MARC21/slim">

  <leader>03021cam a2200361 i 4500</leader>
  <controlfield tag="001">18656055</controlfield>
  <controlfield tag="003">OSt</controlfield>
  <controlfield tag="005">20240530110619.0</controlfield>
  <controlfield tag="008">150612s2014    ua abf   b    001 0 eng d</controlfield>
  <datafield tag="020" ind1=" " ind2=" ">
    <subfield code="a">9789774166679</subfield>
    <subfield code="q">(hbk.)</subfield>
  </datafield>
  <datafield tag="040" ind1=" " ind2=" ">
    <subfield code="c">EG-CaGPL</subfield>
  </datafield>
  <datafield tag="082" ind1="0" ind2="4">
    <subfield code="a">916.2</subfield>
    <subfield code="2">21</subfield>
    <subfield code="b">CC/O A</subfield>
  </datafield>
  <datafield tag="100" ind1="1" ind2=" ">
    <subfield code="a">Oliver, Andrew,</subfield>
    <subfield code="c">Jr.,</subfield>
    <subfield code="d">1936-</subfield>
    <subfield code="e">author.</subfield>
  </datafield>
  <datafield tag="245" ind1="1" ind2="0">
    <subfield code="a">American travelers on the Nile :</subfield>
    <subfield code="b">early U.S. visitors to Egypt, 1774-1839 /</subfield>
    <subfield code="c">Andrew Oliver.</subfield>
  </datafield>
  <datafield tag="264" ind1=" " ind2="1">
    <subfield code="a">Cairo, Egypt ;</subfield>
    <subfield code="a">New York :</subfield>
    <subfield code="b">The American University in Cairo Press,</subfield>
    <subfield code="c">2014.</subfield>
  </datafield>
  <datafield tag="300" ind1=" " ind2=" ">
    <subfield code="a">xxi, 412 pages, 20 unnumbered pages of plates :</subfield>
    <subfield code="b">illustrations (chiefly color), map ;</subfield>
    <subfield code="c">24 cm</subfield>
  </datafield>
  <datafield tag="336" ind1=" " ind2=" ">
    <subfield code="a">text</subfield>
    <subfield code="b">txt</subfield>
    <subfield code="2">rdacontent</subfield>
  </datafield>
  <datafield tag="336" ind1=" " ind2=" ">
    <subfield code="a">still image</subfield>
    <subfield code="b">sti</subfield>
    <subfield code="2">rdacontent</subfield>
  </datafield>
  <datafield tag="337" ind1=" " ind2=" ">
    <subfield code="a">unmediated</subfield>
    <subfield code="b">n</subfield>
    <subfield code="2">rdamedia</subfield>
  </datafield>
  <datafield tag="338" ind1=" " ind2=" ">
    <subfield code="a">volume</subfield>
    <subfield code="b">nc</subfield>
    <subfield code="2">rdacarrier</subfield>
  </datafield>
  <datafield tag="504" ind1=" " ind2=" ">
    <subfield code="a">Includes bibliographical references (pages 319-383) and index.</subfield>
  </datafield>
  <datafield tag="505" ind1="0" ind2=" ">
    <subfield code="a">1. Americans in Eighteenth-Century Egypt -- 2. Napoleon and the French Savants in Egypt -- 3. Mehmet Ali and His New Egypt -- 4. The American Navy and Trade in the Mediterranean -- 5. The European Presence in Egypt from 1815-1825 -- 6. Americans Return to Egypt --  7. American Missionaries on Tour -- 8. The Eastern Question -- 9. The Lure of Egypt -- 10. The US Naval Squadron: Egyptian Curios and Civilian Passengers -- 11. Keepers of Diaries: 1833 to 1835 -- 12. Traveling in Egypt -- 13. John L. Stephens and Fellow Tourists of the Mid-1830s -- 14. Steamship Travel -- 15. Professional Visitors -- 16. Mills, Giraffes, and Skulls (and Even the Telegraph) -- 17. Shall We Meet in Egypt? -- 18. Philip Rhinelander and His Friends -- 19. After 1839.</subfield>
  </datafield>
  <datafield tag="520" ind1="8" ind2=" ">
    <subfield code="a">The Treaty of Ghent signed in 1814, ending the War of 1812, allowed Americans once again to travel abroad. Medical students went to Paris, artists to Rome, academics to Gottingen, and tourists to all European capitals. More intrepid Americans ventured to Athens, to Constantinople, and even to Egypt. Beginning with two eighteenth-century travellers, this book then turns to the 25-year period after 1815 that saw young men from East Coast cities, among them graduates of Harvard, Yale, and Columbia, travelling to the lands of the Bible and of the Greek and Latin authors they had first known as teenagers. Drawing on unpublished letters and diaries together with previously neglected newspaper accounts, as well as a handful of published accounts, this book offers a new look at the early American experience in Egypt and the eastern Mediterranean world. More than thirty illustrations complement the stories told by the travellers themselves.</subfield>
  </datafield>
  <datafield tag="648" ind1=" " ind2="7">
    <subfield code="a">1700-1899</subfield>
    <subfield code="2">fast</subfield>
  </datafield>
  <datafield tag="650" ind1=" " ind2="0">
    <subfield code="a">Tourists</subfield>
    <subfield code="z">Egypt</subfield>
    <subfield code="x">History</subfield>
    <subfield code="y">18th century.</subfield>
  </datafield>
  <datafield tag="650" ind1=" " ind2="0">
    <subfield code="a">Tourists</subfield>
    <subfield code="z">Egypt</subfield>
    <subfield code="x">History</subfield>
    <subfield code="y">19th century.</subfield>
  </datafield>
  <datafield tag="650" ind1=" " ind2="7">
    <subfield code="a">Tourists.</subfield>
    <subfield code="2">fast</subfield>
    <subfield code="0">(OCoLC)fst01153237</subfield>
  </datafield>
  <datafield tag="650" ind1=" " ind2="7">
    <subfield code="a">Travel.</subfield>
    <subfield code="2">fast</subfield>
    <subfield code="0">(OCoLC)fst01155558</subfield>
  </datafield>
  <datafield tag="651" ind1=" " ind2="0">
    <subfield code="a">Egypt</subfield>
    <subfield code="x">Description and travel.</subfield>
  </datafield>
  <datafield tag="651" ind1=" " ind2="7">
    <subfield code="a">Egypt.</subfield>
    <subfield code="2">fast</subfield>
    <subfield code="0">(OCoLC)fst01208755</subfield>
  </datafield>
  <datafield tag="655" ind1=" " ind2="7">
    <subfield code="a">History.</subfield>
    <subfield code="2">fast</subfield>
    <subfield code="0">(OCoLC)fst01411628</subfield>
  </datafield>
  <datafield tag="942" ind1=" " ind2=" ">
    <subfield code="2">ddc</subfield>
    <subfield code="c">BK</subfield>
  </datafield>
  <datafield tag="999" ind1=" " ind2=" ">
    <subfield code="c">63023</subfield>
    <subfield code="d">63023</subfield>
  </datafield>
  <datafield tag="952" ind1=" " ind2=" ">
    <subfield code="0">0</subfield>
    <subfield code="1">0</subfield>
    <subfield code="2">ddc</subfield>
    <subfield code="4">0</subfield>
    <subfield code="7">0</subfield>
    <subfield code="a">CAI</subfield>
    <subfield code="b">CAI</subfield>
    <subfield code="c">CAIRO-LIBRARY</subfield>
    <subfield code="d">2016-12-17</subfield>
    <subfield code="l">0</subfield>
    <subfield code="o">916.2 CC/O A</subfield>
    <subfield code="p">162969</subfield>
    <subfield code="r">2016-12-17 00:00:00</subfield>
    <subfield code="w">2016-12-17</subfield>
    <subfield code="y">BK</subfield>
  </datafield>
</record>
